000 00507pab a2200181 454500
008 180718b2010 xxu||||| |||| 00| 0 eng d
100 _aRowland, Robert C.
245 _aThe fierce urgency of now: Barack Obama and the 2008 Presidential election
260 _c2010
300 _ap.203-221.
362 _aNov
650 _aUnited States.President - Elections
650 _aElections - United States
650 _aElections
773 _aAmerican Behavioral Scientist
908 _aN
909 _a89559
999 _c89559
_d89559